zpět

Detail výsledku týmu

U Lucerny ST, Brno

Datum a čas kvízu

21 Celkem bodů Celkový počet nahraných bodů na tomto kvízu bez doplňovacích otázek.
9. Pořadí na kvízu Konečné umístění týmu na tomto kvízu.

Zaznamenané odpovědi

# Otázka Odpověď Body Výsledky
1. Jak se jmenuje první dítě roku... 1
2. Neznámi hackeři ukradli osobní... 0
3. Jak se jmenuje osobnost, která... 1
4. Dva zaměstnanci telekomunikačn... 1
5. Hokejisté hostujícího týmu vyh... 1
6. Věříme tomu, že nemálo z Vás v... 0
7. Poznáte podle fotky toto šumav... 0
8. Ve kterém městě najdeme toto k... 1
9. Ve spolkové zemi Salcbursko se... 0
10. Která dvě česká slova jsou nap... 0